| 000 | 00616nam a22001697a 4500 | ||
|---|---|---|---|
| 008 | 161003b xxu||||| |||| 00| 0 eng d | ||
| 020 | _a9718210016 | ||
| 082 |
_22000 _aDFil 570 _bB73 |
||
| 100 |
_915681 _aBraganza, Maria Chona S. |
||
| 245 |
_aA journey to life: _ba textbook on biological science for the tertiary level/ _cMaria Chona S. Braganza. |
||
| 260 |
_aValenzuela City: _bMutya Publishing House, _cc2000. |
||
| 300 |
_a176 pages: _billustrations; _c25 cm. |
||
| 500 | _aIncludes appendices and bibliographical references. | ||
| 650 | 0 |
_915682 _aBiology |
|
| 650 | 0 |
_915683 _aLife sciences. |
|
| 942 |
_2ddc _cDFIL |
||
| 999 |
_c5003 _d5003 |
||